| 000 | 00459nam a22001577a 4500 | ||
|---|---|---|---|
| 999 |
_c60528 _d60528 |
||
| 005 | 20230811153648.0 | ||
| 008 | 230811s1975 enk||||| |||| 00| 0 eng d | ||
| 041 | _aeng | ||
| 080 | _a7(38)+903 B-69 | ||
| 100 |
_aBoardman, John _919668 |
||
| 245 |
_aGreek Art / _c John Boardman. |
||
| 264 |
_aLondon : _b Thames & Hudson, _c1975. |
||
| 300 |
_a252 p. : _bill.; _c21 cm. |
||
| 653 | _aბერძნული ხელოვნება | ||
| 942 |
_2udc _cBK |
||